000 00880nam a2200265Ia 4500
003 OSt
005 20220918165548.0
006 a|||||r|||| 00| 0
007 ta
008 220917b |||||||| |||| 00| 0 eng d
020 _a8131602478 (hbk)
_c675
024 _a236,841
037 _b99, 15/12/2008, Shiv Shakti Book Distributors
_cTextual
040 _aARTS
_cARTS
_beng
041 _2eng
_aeng
082 _aO111,N23,HA:g, P9
100 _aAgarwal Supriya Ed.
_924816
245 0 _aGender, history and culture
_b Inside the haveli
260 _aJaipur
_bRawat Publications India
_c2009
300 _axvi, 238p.
_ccm.
650 _aENGLISH LITERATURE
700 _a Talwar Urmil Ed.
_924817
942 _hO111,N23,HA:g, P9
_cTEXL
_2CC
999 _c130387
_d130387